=LDR 00000nam 2200000 4500 =001 INLIS000000000029333 =005 20130612131556 =008 ***********************************Ind** =035 ##$$0010-061300000029333 =041 ##$$a Ind =082 ##$$a 794.12 =090 ##$$a 794.12, Suc j =100 ##$$a Sucahyo, Imam =245 ##$$a Jejak langkah menuju kemenangan, Imam Sucahyo; Jhohanes DW =260 ##$$a 1989 $b Surabaya =300 ##$$a 27 hlm, ilus, 22 cm =650 ##$$a Catur =850 ##$$a NBPNMAT